00482nam a2200193 a 4500001001300000003000900013005001700022008004100039020000900080082001800089100001500107245003200122260002800154300000900182500003500191505003000226650001700256700001500273nice12345678IN_TiNIC20260116013002.0050524s1983 boma grp 000 0 eng  ac1000a262.0954bAPR aAprem, Mar aIndian Christian Who Is Who aBombaybC J Jacobc1983 a210p aincludes index and biblioraphy2 aChro, Bibliography, Index aChurch-India1 aAprem, Mar